<?xml version="1.0" encoding="UTF-8"?>
<record
    xmlns:xsi="http://www.w3.org/2001/XMLSchema-instance"
    xsi:schemaLocation="http://www.loc.gov/MARC21/slim http://www.loc.gov/standards/marcxml/schema/MARC21slim.xsd"
    xmlns="http://www.loc.gov/MARC21/slim">

  <leader>01942nam2a2200325   4500</leader>
  <controlfield tag="001">RU\NLR\BIBL_A\016361840</controlfield>
  <controlfield tag="005">20250625054556.0</controlfield>
  <datafield tag="010" ind1=" " ind2=" ">
    <subfield code="a">978-5-88018-646-4</subfield>
    <subfield code="9">500</subfield>
  </datafield>
  <datafield tag="035" ind1=" " ind2=" ">
    <subfield code="a">(NLR Aleph) 016361840</subfield>
  </datafield>
  <datafield tag="090" ind1=" " ind2=" ">
    <subfield code="a">13154037</subfield>
    <subfield code="c">13154037</subfield>
  </datafield>
  <datafield tag="100" ind1=" " ind2=" ">
    <subfield code="a">20230504d2020    |||y0rusy50      ca</subfield>
  </datafield>
  <datafield tag="101" ind1="0" ind2=" ">
    <subfield code="a">rus</subfield>
    <subfield code="d">eng</subfield>
  </datafield>
  <datafield tag="102" ind1=" " ind2=" ">
    <subfield code="a">RU</subfield>
  </datafield>
  <datafield tag="105" ind1=" " ind2=" ">
    <subfield code="a">ac  z   000yy</subfield>
  </datafield>
  <datafield tag="200" ind1="1" ind2=" ">
    <subfield code="a">XVI &#x41C;&#x435;&#x436;&#x434;&#x443;&#x43D;&#x430;&#x440;&#x43E;&#x434;&#x43D;&#x430;&#x44F; &#x43D;&#x430;&#x443;&#x447;&#x43D;&#x430;&#x44F; &#x43A;&#x43E;&#x43D;&#x444;&#x435;&#x440;&#x435;&#x43D;&#x446;&#x438;&#x44F;</subfield>
    <subfield code="f">[&#x440;&#x435;&#x434;.&#x43A;&#x43E;&#x43B;.: &#x41A;.&#x415;. &#x41A;&#x443;&#x437;&#x44C;&#x43C;&#x438;&#x43D;&#x430;, &#x43A;.&#x43F;&#x441;&#x438;&#x445;&#x43E;&#x43B;.&#x43D;., &#x434;&#x43E;&#x446;. (&#x43E;&#x442;&#x432;.&#x440;&#x435;&#x434;.) &#x438; &#x434;&#x440;.]</subfield>
  </datafield>
  <datafield tag="210" ind1=" " ind2=" ">
    <subfield code="d">2020</subfield>
    <subfield code="a">&#x411;. &#x43C;.</subfield>
  </datafield>
  <datafield tag="215" ind1=" " ind2=" ">
    <subfield code="a">186 &#x441;.</subfield>
    <subfield code="c">&#x438;&#x43B;., &#x43F;&#x43E;&#x440;&#x442;&#x440;.</subfield>
    <subfield code="d">21</subfield>
  </datafield>
  <datafield tag="300" ind1=" " ind2=" ">
    <subfield code="a">&#x420;&#x435;&#x437;. &#x43D;&#x430; &#x430;&#x43D;&#x433;&#x43B;. &#x44F;&#x437;.</subfield>
  </datafield>
  <datafield tag="320" ind1=" " ind2=" ">
    <subfield code="a">&#x411;&#x438;&#x431;&#x43B;&#x438;&#x43E;&#x433;&#x440;. &#x432; &#x43A;&#x43E;&#x43D;&#x446;&#x435; &#x441;&#x442;.</subfield>
  </datafield>
  <datafield tag="461" ind1=" " ind2="0">
    <subfield code="1">001RU\NLR\BIBL_A\012872528</subfield>
    <subfield code="1">2001#$a&#x421;&#x43E;&#x446;&#x438;&#x430;&#x43B;&#x44C;&#x43D;&#x43E;-&#x43F;&#x441;&#x438;&#x445;&#x43E;&#x43B;&#x43E;&#x433;&#x438;&#x447;&#x435;&#x441;&#x43A;&#x438;&#x435; &#x43F;&#x440;&#x43E;&#x431;&#x43B;&#x435;&#x43C;&#x44B; &#x43C;&#x435;&#x43D;&#x442;&#x430;&#x43B;&#x44C;&#x43D;&#x43E;&#x441;&#x442;&#x438; / &#x43C;&#x435;&#x43D;&#x442;&#x430;&#x43B;&#x438;&#x442;&#x435;&#x442;&#x430;$e&#x441;&#x431;&#x43E;&#x440;&#x43D;&#x438;&#x43A; &#x43D;&#x430;&#x443;&#x447;&#x43D;&#x44B;&#x445; &#x441;&#x442;&#x430;&#x442;&#x435;&#x439;$f&#x421;&#x43C;&#x43E;&#x43B;. &#x433;&#x43E;&#x441;. &#x443;&#x43D;-&#x442;$v&#x412;&#x44B;&#x43F;. 16</subfield>
    <subfield code="9">12493755</subfield>
    <subfield code="c">&#x421;&#x43C;&#x43E;&#x43B;&#x435;&#x43D;&#x441;&#x43A;</subfield>
    <subfield code="d">2020 -</subfield>
    <subfield code="f">&#x421;&#x43C;&#x43E;&#x43B;. &#x433;&#x43E;&#x441;. &#x443;&#x43D;-&#x442;</subfield>
    <subfield code="n">&#x418;&#x437;&#x434;-&#x432;&#x43E; &#x421;&#x43C;&#x43E;&#x43B;&#x435;&#x43D;&#x441;&#x43A;&#x43E;&#x433;&#x43E; &#x433;&#x43E;&#x441;&#x443;&#x434;&#x430;&#x440;&#x441;&#x442;&#x432;&#x435;&#x43D;&#x43D;&#x43E;&#x433;&#x43E; &#x443;&#x43D;&#x438;&#x432;&#x435;&#x440;&#x441;&#x438;&#x442;&#x435;&#x442;&#x430;</subfield>
    <subfield code="o">&#x441;&#x431;&#x43E;&#x440;&#x43D;&#x438;&#x43A; &#x43D;&#x430;&#x443;&#x447;&#x43D;&#x44B;&#x445; &#x441;&#x442;&#x430;&#x442;&#x435;&#x439;</subfield>
    <subfield code="t">&#x421;&#x43E;&#x446;&#x438;&#x430;&#x43B;&#x44C;&#x43D;&#x43E;-&#x43F;&#x441;&#x438;&#x445;&#x43E;&#x43B;&#x43E;&#x433;&#x438;&#x447;&#x435;&#x441;&#x43A;&#x438;&#x435; &#x43F;&#x440;&#x43E;&#x431;&#x43B;&#x435;&#x43C;&#x44B; &#x43C;&#x435;&#x43D;&#x442;&#x430;&#x43B;&#x44C;&#x43D;&#x43E;&#x441;&#x442;&#x438; / &#x43C;&#x435;&#x43D;&#x442;&#x430;&#x43B;&#x438;&#x442;&#x435;&#x442;&#x430;</subfield>
    <subfield code="v">&#x412;&#x44B;&#x43F;. 16</subfield>
  </datafield>
  <datafield tag="606" ind1="1" ind2=" ">
    <subfield code="a">&#x41C;&#x435;&#x43D;&#x442;&#x430;&#x43B;&#x438;&#x442;&#x435;&#x442;</subfield>
    <subfield code="j">&#x421;&#x431;&#x43E;&#x440;&#x43D;&#x438;&#x43A;&#x438;</subfield>
    <subfield code="9">1594524</subfield>
    <subfield code="3">RU\NLR\AUTH\66701161</subfield>
  </datafield>
  <datafield tag="686" ind1="1" ind2=" ">
    <subfield code="a">&#x421;550.65&#x44F;43</subfield>
  </datafield>
  <datafield tag="686" ind1="1" ind2=" ">
    <subfield code="a">&#x42E;932.2-953.6&#x44F;43</subfield>
  </datafield>
  <datafield tag="702" ind1=" " ind2="1">
    <subfield code="a">&#x41A;&#x443;&#x437;&#x44C;&#x43C;&#x438;&#x43D;&#x430;</subfield>
    <subfield code="b">&#x41A;. &#x415;.</subfield>
    <subfield code="c">&#x43A;&#x430;&#x43D;&#x434;. &#x43F;&#x441;&#x438;&#x445;&#x43E;&#x43B;. &#x43D;&#x430;&#x443;&#x43A;</subfield>
    <subfield code="g">&#x41A;&#x441;&#x435;&#x43D;&#x438;&#x44F; &#x415;&#x433;&#x43E;&#x440;&#x43E;&#x432;&#x43D;&#x430;</subfield>
    <subfield code="9">170193</subfield>
    <subfield code="3">RU\NLR\AUTH\770170243</subfield>
  </datafield>
  <datafield tag="711" ind1="1" ind2="2">
    <subfield code="a">"&#x421;&#x43E;&#x446;&#x438;&#x430;&#x43B;&#x44C;&#x43D;&#x43E;-&#x43F;&#x441;&#x438;&#x445;&#x43E;&#x43B;&#x43E;&#x433;&#x438;&#x447;&#x435;&#x441;&#x43A;&#x438;&#x435; &#x43F;&#x440;&#x43E;&#x431;&#x43B;&#x435;&#x43C;&#x44B; &#x43C;&#x435;&#x43D;&#x442;&#x430;&#x43B;&#x44C;&#x43D;&#x43E;&#x441;&#x442;&#x438; / &#x43C;&#x435;&#x43D;&#x442;&#x430;&#x43B;&#x438;&#x442;&#x435;&#x442;&#x430;", &#x43C;&#x435;&#x436;&#x434;&#x443;&#x43D;&#x430;&#x440;&#x43E;&#x434;&#x43D;&#x430;&#x44F; &#x43D;&#x430;&#x443;&#x447;&#x43D;&#x430;&#x44F; &#x43A;&#x43E;&#x43D;&#x444;&#x435;&#x440;&#x435;&#x43D;&#x446;&#x438;&#x44F;</subfield>
    <subfield code="d">16</subfield>
    <subfield code="e">&#x421;&#x43C;&#x43E;&#x43B;&#x435;&#x43D;&#x441;&#x43A;</subfield>
    <subfield code="f">2020</subfield>
    <subfield code="9">846902</subfield>
    <subfield code="3">RU\NLR\AUTH\880590634</subfield>
  </datafield>
  <datafield tag="852" ind1=" " ind2=" ">
    <subfield code="a">NLR</subfield>
    <subfield code="j">&#x41F;22/10222</subfield>
  </datafield>
  <datafield tag="942" ind1=" " ind2=" ">
    <subfield code="c">ISSUE</subfield>
  </datafield>
  <datafield tag="980" ind1=" " ind2=" ">
    <subfield code="a">NB</subfield>
  </datafield>
  <datafield tag="980" ind1=" " ind2=" ">
    <subfield code="a">RUSPER</subfield>
  </datafield>
</record>
